Statystyki dla Rekordziści

Kliknij tutaj aby rozwiązać quiz!

Ogólne statystyki

  • Ten quiz został rozwiązany 38 razy
  • Średni wynik to 3 z 9

Statystyki odpowiedzi

Dyscyplina SportowaRekordzista% Poprawnych
Sprint na 100mUsain Bolt
92%
Sztafeta 4x400 (państwo)USA
84%
Skok o TyczceArmand Duplantis
32%
Skok Wzwyż (stadion)Javier Sotomayor
27%
Skok w dalMike Powell
19%
Sprint na 60mChristian Coleman
14%
Bieg na 5 kmJoshua Cheptegei
3%
Łyżwiarstwo Szybkie na 500mPawieł Kuliżnikow
3%
Rzut OszczepemUwe Hohn
0%

Rozkład punktacji

Percentyl według liczby udzielonych odpowiedzi

Procent ludzi z każdym wynikiem

Twoja historia wyników

Nie rozwiązałeś tego quizu